00501pam a2200169a 44500008004100000020000900041041000800050082001100058100001500069245004100084250000600125260004600131300000800177650000900185999001900194952011800213230515b1990 xxu||||| |||| 00| 0 eng d aNULL aENG a610.73 aN L chaska aThe Nursing profession turning ponit a0 aNULLb"The C V Mosby com , U s e, "c1990 a702 aN.D. c520138d520138 00104070aNCPbNCPcNULLd2004-06-30eNULLg1308.00l0o610.73pNCP-UG-59r2023-06-28 00:00:00w2023-06-28yREF